00805nam a2200181 a 450000100100000000500170001000800410002702000150006804000250008308200150010810000360012324501030015926000640026230000460032650000620037295201720043499900170060600004559820201002052334.0150416s2002 dr 000 0 spa d a0965012816 aDO-SdBNPbspacBNPHU axxxxbxxxx1 aNatal Maldonado, Arcadio97366410aQuerida Mary B. :b¡Ahora puedo decir lo que te hizo la alianza! /cRev. Arcadio Natal Maldonado. aSanto Domingo :bEditorial Kelsus,bManatí, P. R.,c2002. a242 p. :bil., retrs., facsims. ;c23 cm. aPerteneció a la biblioteca personal de Erick Landestoy. 0010718PDaPDbPDcCTd2015-04-16iLF1l0oxxxx xxxxp45598-10r2020-06-25w2020-06-25yLFPDzPerteneció a la biblioteca personal de Erick Landestoy.ZNo se presta c45087d45087